<?xml version="1.0" encoding="UTF-8"?>
<marc:record xmlns:marc="http://www.loc.gov/MARC21/slim">
   <marc:leader>00000nam a2200000 a 4500</marc:leader>
   <marc:datafield ind1="1" ind2=" " tag="100">
      <marc:subfield code="a">Rudolph, Annet</marc:subfield>
      <marc:subfield code="4">aut</marc:subfield>
      <marc:subfield code="e">Verfasser/-in</marc:subfield>
   </marc:datafield>
   <marc:datafield ind1=" " ind2=" " tag="653">
      <marc:subfield code="a">Kleinkind</marc:subfield>
   </marc:datafield>
   <marc:datafield ind1=" " ind2=" " tag="653">
      <marc:subfield code="a">Alltag</marc:subfield>
   </marc:datafield>
   <marc:datafield ind1=" " ind2=" " tag="653">
      <marc:subfield code="a">Bilderbuch</marc:subfield>
   </marc:datafield>
   <marc:datafield ind1="0" ind2="0" tag="245">
      <marc:subfield code="a">Knuddel und Schweinchen</marc:subfield>
   </marc:datafield>
   <marc:datafield ind1="0" ind2="0" tag="245">
      <marc:subfield code="c">Annet Rudolph</marc:subfield>
   </marc:datafield>
   <marc:datafield ind1=" " ind2="1" tag="264">
      <marc:subfield code="a">Hamburg</marc:subfield>
      <marc:subfield code="b">Oetinger</marc:subfield>
      <marc:subfield code="c">2011</marc:subfield>
   </marc:datafield>
   <marc:datafield ind1="1" ind2=" " tag="520">
      <marc:subfield code="a">Angaben aus der Verlagsmeldung

Knuddel und Schweinchen / von Annet Rudolph

Allerliebster Knuddelbär! Mitmachspaß mit Bär zum Spielen Wer hilft Knuddel und seinem Kuscheltier Schweinchen? Die Kinder natürlich! Sie sind dabei, wenn die beiden aufstehen und Zähneputzen, wenn sie mit dem kleinen Eisbären Scholle spielen und anschließend in die Badewanne gehen. Wie das geht? Ganz einfach! Die Kinder befestigen die Spielfigur auf den mit Klettpunkten markierten Stellen im Buch – und schon beginnt der Spielspaß! Dicht am Kinderalltag - mit Spielfigur am Band und vielen Klettpunkten sowie Fühlelementen im Buch. Von Annet Rudolph ("Aua, brummt der Bär").
</marc:subfield>
   </marc:datafield>
   <marc:datafield ind1=" " ind2=" " tag="020">
      <marc:subfield code="a">9783789170898</marc:subfield>
      <marc:subfield code="9">9783789170898</marc:subfield>
   </marc:datafield>
   <marc:datafield ind1=" " ind2=" " tag="041">
      <marc:subfield code="a">ger</marc:subfield>
   </marc:datafield>
   <marc:datafield ind1=" " ind2=" " tag="300">
      <marc:subfield code="a">10] S.</marc:subfield>
   </marc:datafield>
</marc:record>
